[Event "16th TCh-RUS Premier"]
[Site "Dagomys RUS"]
[Date "2009.04.08"]
[Round "5"]
[White "Malakhov,V"]
[Black "Ni Hua"]
[Result "0-1"]
[WhiteElo "2709"]
[BlackElo "2724"]

1.Nf3 d5 2.d4 Nf6 3.c4 c6 4.e3 a6 5.Nc3 b5 6.c5 g6 7.Bd3 Bg7 8.Qc2 O-O 9.O-O a5
10.a3 Nbd7 11.e4 dxe4 12.Bxe4 Nxe4 13.Qxe4 Nf6 14.Qh4 Bg4 15.Ne5 Qxd4 16.Re1 b4
17.Na4 bxa3 18.Rxa3 Qb4 19.f3 Be6 20.Qf2 Qb5 21.Nb6 Rad8 22.h3 Nd5 23.Na4 Nb4
24.Nc3 Qb7 25.Rxa5 Bxe5 26.Rxe5 Qc7 27.Rxe6 Qxa5 28.Rxe7 Nd3 29.Qe3 Nxc1
30.Ne4 Qa4 31.Kh2 Nd3 32.Nf6+ Kg7 33.Re4 Qa7 34.Qg5 Qb8+ 35.f4 Qxb2 36.Nh5+ Kh8
37.Nf6 Kg7 38.Nh5+ Kh8 39.Nf6 Nxf4 40.Rxf4 Rd2 41.Ne4 Re2 42.Rh4 Re8 43.Qf6+ Qxf6
44.Nxf6 Kg7 45.Nxe8+ Rxe8 46.Ra4 Re5 47.Ra5 Kf6 48.Kg3 Rf5 49.Kh4 h5 50.g4 hxg4
51.hxg4 Re5 52.Kg3 Kg5 53.Kf3 f6  0-1

[Event "16th TCh-RUS Premier"]
[Site "Dagomys RUS"]
[Date "2009.04.09"]
[Round "6"]
[White "Malakhov,V"]
[Black "Smirnov,Arte"]
[Result "1-0"]
[WhiteElo "2709"]
[BlackElo "2454"]

1.d4 Nf6 2.c4 c5 3.Nf3 cxd4 4.Nxd4 e5 5.Nb5 d5 6.cxd5 Bc5 7.e3 O-O 8.N5c3 e4
9.Be2 Qe7 10.a3 a6 11.Nd2 Nbd7 12.Qc2 Re8 13.b4 Ba7 14.Bb2 Nb6 15.d6 Qe6
16.g4 Bd7 17.g5 Nfd5 18.Ndxe4 Na4 19.O-O-O Ndxc3 20.Nxc3 Rac8 21.Kb1 Rxc3
22.Bxc3 Rc8 23.Rd3 Bd4 24.exd4 Rxc3 25.Rxc3 Nxc3+ 26.Qxc3 Qxe2 27.Re1  1-0

[Event "16th ORDIX Open"]
[Site "Mainz GER"]
[Date "2009.08.01"]
[Round "1"]
[White "Buchkremer,F"]
[Black "Malakhov,V"]
[Result "0-1"]
[WhiteElo "2088"]
[BlackElo "2707"]

1.e4 c5 2.c3 d5 3.exd5 Qxd5 4.d4 Nf6 5.Nf3 e6 6.Be3 cxd4 7.cxd4 Be7 8.Nc3 Qd8
9.Bd3 O-O 10.O-O b6 11.Qe2 Bb7 12.Rad1 Nbd7 13.Rfe1 Nd5 14.Bc1 Rc8 15.Ne4 h6
16.Ne5 Nxe5 17.dxe5 Rxc1 18.Rxc1 Nf4 19.Qf3 Nxd3 20.Red1 Nxc1 21.Rxd8 Rxd8
22.h3 Nxa2 23.Nf6+ Bxf6 24.Qxb7 Bxe5 25.g3 Nb4 26.Qxa7 Nd5 27.Kg2 Bxb2  0-1

[Event "16th ORDIX Open"]
[Site "Mainz GER"]
[Date "2009.08.01"]
[Round "2"]
[White "Malakhov,V"]
[Black "Szenetra,W"]
[Result "1-0"]
[WhiteElo "2707"]
[BlackElo "2255"]

1.c4 g6 2.Nc3 Bg7 3.g3 d6 4.Bg2 Nc6 5.Nf3 e5 6.O-O Nge7 7.Rb1 Be6 8.d3 h6
9.b4 Qd7 10.b5 Nd8 11.a4 O-O 12.Ba3 Bh3 13.c5 Bxg2 14.cxd6 cxd6 15.Kxg2 b6
16.d4 Rc8 17.Rc1 exd4 18.Nxd4 Nf5 19.Nxf5 Qxf5 20.Qxd6 Re8 21.e4 Qh5 22.Nd5 Rxc1
23.Rxc1 Ne6 24.Qd7 Rd8 25.Rc8 Rxc8 26.Qxc8+ Kh7 27.Ne7 Bf8 28.Nd5 Bg7 29.Bc1 Qg4
30.Qc2 Nc5 31.f3 Qe6 32.Be3 Bf8 33.Bd4 Be7 34.a5 f5 35.Nxe7 fxe4 36.Bxc5 bxc5
37.Qxe4  1-0

[Event "16th ORDIX Open"]
[Site "Mainz GER"]
[Date "2009.08.01"]
[Round "4"]
[White "Malakhov,V"]
[Black "Bokros,A"]
[Result "0-1"]
[WhiteElo "2707"]
[BlackElo "2501"]

1.Nf3 Nf6 2.c4 e6 3.g3 d5 4.b3 Be7 5.Bg2 O-O 6.Bb2 b6 7.O-O Bb7 8.e3 dxc4
9.bxc4 c5 10.Nc3 Nc6 11.Qe2 Rc8 12.Ne1 Qc7 13.f4 Na5 14.f5 Bxg2 15.Nxg2 Qd7
16.fxe6 fxe6 17.Nf4 Rcd8 18.Rad1 Bd6 19.d3 Nc6 20.Qg2 Be5 21.a3 Bxc3 22.Bxc3 e5
23.Ne2 Ng4 24.Qe4 Rxf1+ 25.Rxf1 Nf6 26.Qf3 Qxd3 27.Qxc6 Qxe3+ 28.Rf2 Ne4
29.Qe6+ Kh8 30.Qf5 Nxf2 31.Qxf2 Qe4 32.Qe1 h6 33.h4 Rd3 34.Bd2 Qxc4 35.Kf2 Rxa3
36.Bc3 Qe4 37.Qd2 b5 38.Qb2 b4 39.Bxe5 Rf3+ 40.Ke1 Rf7 41.Bf4 Kh7 42.h5 Re7
43.Kf2 c4 44.Nd4 Rd7 45.Be3 Rf7+ 46.Bf4 a5 47.Nf3 c3 48.Qb3 Rd7 49.Ne5 Re7
50.Ng6 Qd4+ 51.Kf3 Qd3+ 52.Kg4 Qd7+ 53.Kh4 Rf7 54.Ne5 Qe7+ 55.Kh3 Rf6 56.Ng6 Qe6+
57.Qxe6 Rxe6 58.Nf8+ Kg8 59.Nxe6 b3 60.Nxg7 b2 61.Nf5 b1=Q 62.Nxh6+ Kh7 63.Kh4 c2
64.Nf7 c1=Q 65.Ng5+ Kg8 66.h6 Qh1+ 67.Kg4 Qbd1+ 68.Kf5 Qdd5+ 69.Kg4 Qhd1+  0-1

[Event "16th ORDIX Open"]
[Site "Mainz GER"]
[Date "2009.08.02"]
[Round "11"]
[White "Jovanovic,Zo CRO"]
[Black "Malakhov,V"]
[Result "1/2-1/2"]
[WhiteElo "2539"]
[BlackElo "2707"]

1.e4 c5 2.Nf3 Nc6 3.Bb5 g6 4.O-O Bg7 5.Re1 Nf6 6.e5 Nd5 7.Nc3 Nxc3 8.dxc3 O-O
9.Qd5 b6 10.Bf4 Qc7 11.e6 Qxf4 12.exd7 Bxd7 13.Qxd7 Ne5 14.Nxe5 Bxe5 15.g3 Qf6
16.Rad1 Bd6 17.Bc4 a5 18.a4 h5 19.Qc6 Rac8 20.Qe4 Rfd8 21.Rd3 Qf5 22.Rf3 Qxe4
23.Bxf7+ Kg7 24.Rxe4 Rf8 25.Be6 Rxf3 26.Bxc8 g5 27.Kg2 Rf8 28.Be6 Kf6 29.Bc4 e5
30.Be2 Kg6 31.Re3 Bc7 32.Rd3 Rd8 33.Rxd8 Bxd8 34.Kf3 Kf5 35.Bd3+ Ke6 36.Ke4 h4
37.Bc4+ Kd6 38.Kf5 Be7 39.Bd3 Bd8 40.Be4 Be7 41.Bf3 Bd8 42.Ke4 Be7 43.Kd3 Bf8
44.Be4 Be7 45.Kc4 Bf8 46.f3 hxg3 47.hxg3 Be7 48.b4 cxb4 49.cxb4 axb4 50.Kxb4 Kc7+
51.Kb5 Bc5 52.a5 Bf2 53.a6 Kb8 54.g4 Ka7 55.Bd3 Bg3 56.Kc6 Bf4 57.Kd5 Kb8
58.Ke4  1/2-1/2

[Event "RUS-CHN Match Rapid"]
[Site "Sochi RUS"]
[Date "2009.08.21"]
[Round "2"]
[White "Malakhov,V"]
[Black "Bu Xiangzhi"]
[Result "1/2-1/2"]
[WhiteElo "2707"]
[BlackElo "2702"]

1.Nf3 Nf6 2.c4 e6 3.g3 d5 4.b3 c5 5.Bg2 Nc6 6.O-O Be7 7.e3 O-O 8.Bb2 b6 9.cxd5 Nxd5
10.d4 Ba6 11.Re1 Ndb4 12.Bf1 Bxf1 13.Rxf1 cxd4 14.a3 Nd5 15.Nxd4 Nxd4 16.Bxd4 Rc8
17.Nd2 Nc3 18.Qg4 g6 19.Nc4 h5 20.Qf3 Qd5 21.Kg2 Nb5 22.Bb2 Qxf3+ 23.Kxf3 Rfd8
24.Rfd1 Nd6 25.Nxd6 Rxd6 26.Rac1 Rxc1 27.Rxc1 Kf8 28.Rc8+ Rd8 29.Rc7 a5 30.Rb7 Bc5
31.Bf6 Rc8 32.a4 Ke8 33.h4 Rc6 34.Ke4 Bd6 35.Be5 Be7 36.Bd4 Bd8 37.f3 Bc7
38.g4 f5+ 39.gxf5 gxf5+ 40.Kd3 Bd8 41.Rh7 Bxh4 42.Rxh5 Be7 43.Rh7 Kd8 44.e4 fxe4+
45.fxe4 Ke8 46.Rh8+ Kd7 47.Rh7 Ke8 48.Ke2 Bd8 49.Kf3 Rd6 50.Bf2 Rd3+ 51.Kf4 Rd7
52.Rh8+ Kf7 53.Rh7+ Ke8 54.Rxd7 Kxd7 55.Ke5 Bc7+ 56.Kf6 Bd8+ 57.Kf7 Bc7 58.Bd4 Bd8
59.Be3  1/2-1/2

[Event "RUS-CHN Match Rapid"]
[Site "Sochi RUS"]
[Date "2009.08.21"]
[Round "4"]
[White "Zhou Jianchao"]
[Black "Malakhov,V"]
[Result "1/2-1/2"]
[WhiteElo "2623"]
[BlackElo "2707"]

1.Nf3 d5 2.d4 Nf6 3.c4 c6 4.Nc3 a6 5.a4 e6 6.Bg5 a5 7.e3 Be7 8.Be2 Na6 9.O-O O-O
10.Qb3 Nb4 11.Rfd1 Nh5 12.Bxe7 Qxe7 13.Na2 Nxa2 14.Qxa2 Nf6 15.Qa3 Qxa3 16.bxa3 Nd7
17.Rab1 Re8 18.Ne5 Rd8 19.f4 Kf8 20.c5 Ke7 21.Bd3 g6 22.g4 Nxe5 23.dxe5 Kd7
24.h4 Kc7 25.Kf2 Rb8 26.Rb6 Rg8 27.h5 Bd7 28.Rdb1 Rh8 29.Kg3 gxh5 30.g5 h6
31.Kh4 hxg5+ 32.fxg5 Rhg8 33.Be2 Rh8 34.Rf1 Rh7 35.Rf6 Rg8 36.Rh6 Rhg7 37.Rxh5 Be8
38.Bd3 Kc8 39.Rb2 Kc7 40.Rb1 Kc8 41.Rf1 Kc7 42.Rb1 Kc8 43.Rg1 Kc7 44.Rb1 Kc8  1/2-1/2

[Event "RUS-CHN Match Rapid"]
[Site "Sochi RUS"]
[Date "2009.08.22"]
[Round "7"]
[White "Bu Xiangzhi"]
[Black "Malakhov,V"]
[Result "1-0"]
[WhiteElo "2702"]
[BlackElo "2707"]

1.e4 c5 2.Nf3 Nc6 3.d4 cxd4 4.Nxd4 g6 5.c4 Nf6 6.Nc3 d6 7.Be2 Nxd4 8.Qxd4 Bg7
9.Bg5 O-O 10.Qd2 Be6 11.Rc1 Qa5 12.f3 Rfc8 13.b3 a6 14.Na4 Qxd2+ 15.Kxd2 Rc6
16.Nc3 Rcc8 17.g4 Kf8 18.Be3 Bd7 19.g5 Ne8 20.Nd5 Rab8 21.Nb6 Rd8 22.Nxd7+ Rxd7
23.f4 Nc7 24.Bg4 e6 25.Ke2 b5 26.c5 dxc5 27.Rxc5 b4 28.Rhc1 Bc3 29.a4 Ke8
30.Kf2 Kd8 31.Rd1 Rxd1 32.Bxd1 Kd7 33.Be2 Ra8 34.Rc4 Ne8 35.Bb6 Rb8 36.a5 Rb7
37.Ke3 Nc7 38.Rc5 Bg7 39.e5 Bf8 40.Rxc7+ Rxc7 41.Bxc7 Bc5+ 42.Kf3 Kxc7 43.Bxa6 Kc6
44.Bd3 Bd4 45.Be4+ Kb5 46.h4 Kxa5 47.Bc6 Kb6 48.Be8 Kc7 49.Bxf7 Kd7 50.Bg8 Ke7
51.Kg4 Be3 52.Bxh7 Kf7 53.Bxg6+ Kxg6 54.h5+ Kf7 55.g6+ Kg7 56.Kg5  1-0

[Event "RUS-CHN Match Rapid"]
[Site "Sochi RUS"]
[Date "2009.08.22"]
[Round "8"]
[White "Malakhov,V"]
[Black "Ni Hua"]
[Result "1/2-1/2"]
[WhiteElo "2707"]
[BlackElo "2701"]

1.Nf3 Nf6 2.c4 c6 3.d4 d5 4.e3 a6 5.Bd2 Bf5 6.Nc3 e6 7.Nh4 Bg6 8.Nxg6 hxg6
9.g3 Nbd7 10.b3 Bd6 11.Bg2 b5 12.O-O O-O 13.e4 dxe4 14.Nxe4 Nxe4 15.Bxe4 Rc8
16.Rc1 Nf6 17.Bg2 Ba3 18.Rc2 Qxd4 19.Be3 Qe5 20.cxb5 cxb5 21.Rxc8 Rxc8 22.Bb7 Rf8
23.Bxa6 Qf5 24.Bb7 Nd5 25.Bxd5 exd5 26.Qd4 Rc8 27.Rd1 Bc5 28.Qxd5 Qxd5 29.Rxd5 Bxe3
30.fxe3 Rc1+ 31.Kf2 Rc2+ 32.Kf3 Rxh2 33.a3 Ra2 34.Rxb5 Rxa3 35.Rb8+ Kh7 36.Kf4 f6
37.g4 g5+ 38.Kf3 Kg6 39.b4 Rb3 40.Rb7 Rb1 41.b5 Rb4 42.e4 Rb3+ 43.Kf2 Kh7
44.b6 Kg6 45.Ke2 Rg3 46.Kd2 Rxg4 47.Rxg7+ Kxg7 48.b7 Rxe4 49.b8=Q Re7 50.Qd8 Re5
51.Kd3 Re1 52.Qc8 Re5 53.Kd4 Re1 54.Kd5 Re5+ 55.Kd6 Re1 56.Qc7+ Kg6 57.Qc2+ Kg7
58.Kd5 Re5+ 59.Kd4 Re7 60.Qc5 Re5 61.Qc7+ Kg6 62.Qb7 Re8 63.Qd7 Re5 64.Qa4 Kg7
65.Qa7+  1/2-1/2

[Event "RUS-CHN Match Blitz"]
[Site "Sochi RUS"]
[Date "2009.08.23"]
[Round "2"]
[White "Bu Xiangzhi"]
[Black "Malakhov,V"]
[Result "0-1"]
[WhiteElo "2702"]
[BlackElo "2707"]

1.e4 c5 2.Nf3 Nc6 3.d4 cxd4 4.Nxd4 Nf6 5.Nc3 d6 6.Be2 g6 7.O-O Bg7 8.Nb3 O-O
9.Bg5 a6 10.a4 Be6 11.Kh1 Na5 12.Nd4 Bc4 13.Bxc4 Nxc4 14.b3 Na5 15.Qd2 Rc8
16.f3 Nc6 17.Nde2 Qa5 18.Rad1 Rfe8 19.Bxf6 Bxf6 20.Nd5 Bg7 21.c4 Qc5 22.Rc1 e6
23.Rfd1 exd5 24.cxd5 Qb4 25.dxc6 Qxd2 26.Rxd2 Bh6 27.f4 Rxc6 28.Rxc6 bxc6
29.g3 Rxe4 30.Kg2 Bf8 31.Nd4 c5 32.Nc2 c4 33.Kf3 f5 34.b4 Re8 35.b5 axb5
36.axb5 Rb8 37.Rd5 Kf7 38.Ke3 Ke6 39.Nb4 Bg7 40.Kd2 Bb2 41.Kc2 Ba3 42.Na6 Kxd5
43.Nxb8 Kc5 44.Nd7+ Kxb5 45.Nf8 d5 46.Nxg6 hxg6  0-1

[Event "RUS-CHN Match Blitz"]
[Site "Sochi RUS"]
[Date "2009.08.23"]
[Round "3"]
[White "Malakhov,V"]
[Black "Ni Hua"]
[Result "1/2-1/2"]
[WhiteElo "2707"]
[BlackElo "2701"]

1.Nf3 Nf6 2.c4 c6 3.d4 d5 4.e3 a6 5.Bd2 e6 6.Qc2 Nbd7 7.Nc3 c5 8.cxd5 exd5
9.g4 Nxg4 10.Nxd5 Ndf6 11.Nxf6+ Qxf6 12.Qe4+ Qe6 13.Qxe6+ Bxe6 14.Rg1 g6
15.Ng5 Bd7 16.Ne4 cxd4 17.Rxg4 Bxg4 18.Nf6+ Ke7 19.Nxg4 Bg7 20.exd4 Bxd4
21.O-O-O Rac8+ 22.Kb1 Rhd8 23.Bg5+ f6 24.Rxd4 fxg5 25.Re4+ Kd6 26.Bg2 b6
27.Ne3 Rf8 28.Rd4+ Ke5 29.Rd5+ Kf4 30.a4 Rfd8 31.Bh3 Rb8 32.Bg2 Rxd5 33.Nxd5+ Ke5
34.b4 g4 35.Ne3 h5 36.Kc2 Kd4 37.Kd2 a5 38.b5 Rd8 39.Ke2 Kc5 40.Be4 Rd4 41.Bc2 g5
42.Nf5 Rc4 43.Ne3 Rf4 44.Nf5 Rc4 45.Ne3 Rf4 46.Nf5 Rb4 47.Ng7 h4 48.Ne6+ Kc4
49.Kd2 Rb2 50.Nxg5 Kd4 51.Ne6+ Ke5 52.Nf8 h3 53.Nd7+ Kf4 54.Nxb6 Kf3 55.Nc4 Rb4
56.Ne5+ Kg2 57.Bf5 Kxh2 58.Nxg4+ Kg1 59.Kc3 Rxa4 60.Bd7 Rb4 61.f3 Rb1 62.Bc6 a4
63.Kc2 Rb4 64.Kc3 Rb3+ 65.Kc2 Rb4 66.Kc3 Rb3+ 67.Kc2 Rb4 68.Kc3 Rb3+ 69.Kc2 Rb4
70.Kc3 Rb1 71.Kc2 Rb4 72.Kc3 Rb3+ 73.Kc2 h2 74.Nxh2 Kxh2 75.f4 Rb4 76.f5 a3
77.Bd5 Rxb5 78.Be6 Rb6 79.Bg8 Kg3 80.f6 Rxf6 81.Kb3 Ra6 82.Ka2 Kf4 83.Bh7 Ke3
84.Bb1 Kd4 85.Kb3 Rb6+ 86.Ka2 Rb2+ 87.Ka1 Kc3 88.Bg6 Rf2 89.Bh7 Rf6 90.Bg8 Kb4
91.Ka2 Rf8 92.Be6 Rf2+ 93.Ka1 Kc5 94.Bg8 Kd6 95.Bc4 Ke5 96.Bg8 Rf8 97.Bc4 Kd4
98.Be6 Re8 99.Bf7 Rf8 100.Be6 Kc3 101.Ka2 Kb4 102.Ka1 Rh8 103.Bf7 Rf8 104.Be6 Rf6
105.Bg8 Rd6 106.Ka2 Rd2+ 107.Ka1 Kc3 108.Bf7 Rb2 109.Bg8 Kc2 110.Bh7+ Kc1
111.Bg8  1/2-1/2

[Event "RUS-CHN Match Blitz"]
[Site "Sochi RUS"]
[Date "2009.08.23"]
[Round "7"]
[White "Malakhov,V"]
[Black "Bu Xiangzhi"]
[Result "0-1"]
[WhiteElo "2707"]
[BlackElo "2702"]

1.Nf3 Nf6 2.g3 d5 3.Bg2 c6 4.O-O Bg4 5.d3 Nbd7 6.Nbd2 e6 7.b3 Bd6 8.Bb2 Qe7
9.a3 O-O 10.e4 dxe4 11.dxe4 Be5 12.Qc1 Bxb2 13.Qxb2 Rad8 14.Rfe1 Bh5 15.Nc4 Nb6
16.Na5 Rd7 17.Ne5 Rc7 18.b4 Nfd7 19.Nd3 e5 20.f3 c5 21.bxc5 Na4 22.Qb4 Ndxc5
23.Nc4 f6 24.Ne3 Bf7 25.Bf1 Rd8 26.Red1 Nxd3 27.Rxd3 Rxd3 28.Bxd3 Qc5 29.Kf2 Nc3
30.Qxc5 Rxc5 31.Ke1 Ra5 32.Kd2 Rc5 33.Nf5 Kf8 34.Nd6 b6 35.h4 Be6 36.g4 g6
37.Nb7 Rc7 38.Nd6 Rc5 39.Nb7 Rc7 40.Nd6 Na4 41.c4 Nc5  0-1

[Event "RUS-CHN Match Blitz"]
[Site "Sochi RUS"]
[Date "2009.08.23"]
[Round "8"]
[White "Ni Hua"]
[Black "Malakhov,V"]
[Result "0-1"]
[WhiteElo "2701"]
[BlackElo "2707"]

1.e4 c5 2.Nf3 Nc6 3.d4 cxd4 4.Nxd4 g6 5.c4 Nf6 6.Nc3 d6 7.Nc2 Bg7 8.Be2 Nd7
9.Bd2 O-O 10.O-O Nc5 11.b4 Ne6 12.Rc1 a5 13.b5 Ncd4 14.Nxd4 Nxd4 15.Bg5 h6
16.Bh4 g5 17.Bg3 e5 18.Bg4 Be6 19.Nd5 Rc8 20.f3 Rc5 21.Qd3 Bxd5 22.cxd5 Rxb5
23.Bf2 Rb2 24.Rb1 Qb6 25.Rxb2 Qxb2 26.Qc4 b5 27.Qc7 Qxa2 28.Qxd6 a4 29.Qc7 a3
30.d6 Qb2 31.d7 a2 32.d8=Q a1=Q 33.g3 Qaa3 34.Qd5 Nxf3+ 35.Kg2 Qe2 36.Be6 fxe6
37.Qxe6+ Kh8 38.Qg6 Ne1+ 39.Kg1 Nf3+ 40.Kg2 Nh4+ 41.gxh4 Qaf3+ 42.Kg1 Qxf1+
43.Kxf1 Qxf2+  0-1

[Event "18th TCh-CRO"]
[Site "Sibenik CRO"]
[Date "2009.09.21"]
[Round "1"]
[White "Malakhov,V"]
[Black "Naiditsch,A"]
[Result "0-1"]
[WhiteElo "2715"]
[BlackElo "2685"]

1.e4 c5 2.Ne2 Nf6 3.Nbc3 d6 4.g3 g6 5.Bg2 Bg7 6.d4 cxd4 7.Nxd4 O-O 8.h3 Nc6
9.Be3 Bd7 10.O-O Ne5 11.Nde2 b5 12.b3 Qc8 13.g4 b4 14.Nd5 Nxd5 15.exd5 f5
16.g5 Bb5 17.f4 Ng4 18.hxg4 Bxa1 19.gxf5 Rxf5 20.a4 bxa3 21.Qxa1 Bxe2 22.Rc1 Rf7
23.Qxa3 Qg4 24.Qb4 Bf3 25.Qd2 Rf5 26.c4 Rb8 27.Rc3 Rb7 28.Kh2 Bxg2 29.Qxg2 Qh4+
30.Qh3 Qxh3+ 31.Kxh3 Rf8 32.Kg4 Rfb8 33.b4 Rxb4 34.Bxa7 Rc8 35.c5 Rb7  0-1

[Event "18th TCh-CRO"]
[Site "Sibenik CRO"]
[Date "2009.09.23"]
[Round "3"]
[White "Malakhov,V"]
[Black "Eljanov,P"]
[Result "1/2-1/2"]
[WhiteElo "2715"]
[BlackElo "2717"]

1.e4 e5 2.Nf3 Nc6 3.Bb5 a6 4.Bxc6 dxc6 5.O-O Qd6 6.Na3 b5 7.c3 c5 8.Nc2 Bb7
9.d4 cxd4 10.cxd4 exd4 11.Ncxd4 c5 12.Nf5 Qxd1 13.Rxd1 Nf6 14.e5 Ne4 15.a4 g6
16.Nd6+ Bxd6 17.exd6 f6 18.Be3 Kd7 19.Nd2 c4 20.f3 Nxd2 21.Rxd2 Rhe8 22.Kf2 Re5
23.Bf4 Ree8 24.h4 Bc6 25.Rd4 c3 26.bxc3 bxa4 27.Bc1 Rab8 28.Ba3 Rb3 29.Rc4 a5
30.Ra2 Rc8 31.Ke3 Re8+ 32.Kf2 Re5 33.Ra1 Rd5 34.Ke3 Re5+ 35.Kf2 Rd5 36.Ke3 Re5+
37.Kd2 Rd5+ 38.Kc2 Re5 39.Kd2 Rd5+ 40.Kc2 Re5 41.Kd2  1/2-1/2

[Event "18th TCh-CRO"]
[Site "Sibenik CRO"]
[Date "2009.09.24"]
[Round "4"]
[White "Malakhov,V"]
[Black "Grachev,B"]
[Result "1/2-1/2"]
[WhiteElo "2715"]
[BlackElo "2684"]

1.d4 d5 2.c4 c6 3.Nf3 Nf6 4.e3 Bg4 5.h3 Bxf3 6.Qxf3 e6 7.Nc3 Nbd7 8.Bd3 Bb4
9.O-O O-O 10.Qd1 dxc4 11.Bxc4 c5 12.Qb3 Qa5 13.Bd2 cxd4 14.exd4 Nb6 15.Bd3 Rfd8
16.a3 Bxc3 17.bxc3 Rac8 18.Rfc1 Qd5 19.Rab1 Ne4 20.Qxd5 exd5 21.Be1 Nd6 22.Rb4 Nbc4
23.a4 f5 24.f3 g5 25.h4 h6 26.Bxc4 Rxc4 27.hxg5 hxg5 28.Bd2 f4 29.Re1 a5
30.Rbb1 Rxa4 31.Re5 Nf7 32.Re7 Rb8 33.Rb6 Kf8 34.Rd7 Kg7 35.Re6 Ra2 36.Be1 a4
37.Ree7 Rf8 38.Rxb7 Kf6 39.Red7 a3 40.Ra7 Ra1 41.Kf2 Ra2+ 42.Kf1 Kg6 43.Ra6+ Kg7
44.Raa7 Kg6 45.Ra6+ Kg7 46.Raa7  1/2-1/2

[Event "18th TCh-CRO"]
[Site "Sibenik CRO"]
[Date "2009.09.28"]
[Round "8"]
[White "Malakhov,V"]
[Black "Fedorchuk,S"]
[Result "1/2-1/2"]
[WhiteElo "2715"]
[BlackElo "2643"]

1.d4 Nf6 2.c4 e6 3.Nc3 Bb4 4.e3 O-O 5.Ne2 d5 6.a3 Be7 7.cxd5 exd5 8.Nf4 c6
9.Bd3 Bd6 10.O-O a5 11.Bc2 Re8 12.f3 Qc7 13.g3 Bxf4 14.exf4 Bh3 15.Re1 Nbd7
16.Be3 h5 17.Bd3 Nb6 18.b3 Re7 19.Bf2 Rxe1+ 20.Bxe1 Nc8 21.Bf2 Nd6 22.Qd2 Re8
23.Re1 Rxe1+ 24.Qxe1 Bf5 25.Bxf5 Nxf5 26.Qe5 Qd7  1/2-1/2

[Event "18th TCh-CRO"]
[Site "Sibenik CRO"]
[Date "2009.09.29"]
[Round "9"]
[White "Zufic,M"]
[Black "Malakhov,V"]
[Result "0-1"]
[WhiteElo "2461"]
[BlackElo "2715"]

1.e4 e5 2.Nf3 Nc6 3.Bb5 Nf6 4.d3 Bc5 5.O-O d6 6.c3 O-O 7.Nbd2 a6 8.Ba4 Ba7
9.Bc2 h6 10.Nc4 Be6 11.Ne3 d5 12.exd5 Nxd5 13.Nxd5 Bxd5 14.Be3 Qf6 15.Nd2 Nd4
16.Bb1 Qc6 17.cxd4 Bxg2 18.Qg4 Bxf1 19.Nxf1 Bxd4 20.Bxd4 exd4 21.Qxd4 Rfe8
22.Ne3 Re6 23.Qc3 Rg6+ 24.Kf1 Qh1+ 25.Ke2 Rg1 26.Qxc7 Re1+ 27.Kd2 Rxb1 28.Rxb1 Qxb1
29.Qxb7 Rd8 30.Qb3 Qg1 31.Ke2 Qxh2 32.Qc3 Qh5+ 33.Kd2 Qf3 34.Ke1 h5 35.Qa5 Rd6
36.Qc7 Rf6 37.Qh2 Qf4 38.Qg2 Qb4+ 39.Kf1 Qxb2 40.Qg3 Qa1+  0-1

[Event "World Cup"]
[Site "Khanty-Mansiysk RUS"]
[Date "2009.12.03"]
[Round "5.1"]
[White "Svidler,P"]
[Black "Malakhov,V"]
[Result "0-1"]
[WhiteElo "2754"]
[BlackElo "2706"]

1.d4 d5 2.c4 c6 3.Nc3 Nf6 4.Nf3 a6 5.e3 b5 6.c5 g6 7.Bd3 Bg4 8.h3 Bxf3 9.Qxf3 Bg7
10.g4 e5 11.Qg3 Nfd7 12.Ne2 Qe7 13.O-O h5 14.f3 Nf8 15.a4 b4 16.Bd2 a5 17.e4 dxe4
18.Bxe4 Ne6 19.Rae1 h4 20.Qf2 O-O 21.f4 exd4 22.f5 Nxc5 23.Bb1 d3 24.Nc1 Qd6
25.Ba2 Bd4 26.Be3 Ne4 27.Qxh4 g5 28.Qh5 d2 29.f6 Qxf6 30.Bxd4 Qxd4+ 31.Kg2 dxe1=N+  0-1

[Event "World Cup"]
[Site "Khanty-Mansiysk RUS"]
[Date "2009.12.08"]
[Round "6.3"]
[White "Ponomariov,R"]
[Black "Malakhov,V"]
[Result "0-1"]
[WhiteElo "2739"]
[BlackElo "2706"]

1.d4 d5 2.c4 c6 3.Nf3 Nf6 4.Nc3 a6 5.c5 Nbd7 6.Bf4 Nh5 7.Bd2 Nhf6 8.Qc2 g6
9.h3 Qc7 10.Bg5 Bg7 11.e3 e5 12.O-O-O O-O 13.Bh4 exd4 14.exd4 b6 15.Bg3 Bh6+
16.Kb1 Bf4 17.cxb6 Nxb6 18.Bxf4 Qxf4 19.Bd3 Qd6 20.Ka1 a5 21.Ne5 Ba6 22.Na4 Nxa4
23.Qxa4 Bxd3 24.Nxd3 Rfb8 25.Rc1 Rb5 26.Rc2 Nd7 27.Rc3 Nb6 28.Qc2 Nc4 29.a4 Rb6
30.b3 Rab8 31.bxc4 dxc4 32.Nc1 Qxd4 33.Na2 Rb3 34.Rc1 Qb6 35.Rxb3 cxb3 36.Qb2 bxa2
37.Qxb6 Rxb6 38.Kxa2 Kf8 39.Rc5 Ra6 40.Kb3 Ke7 41.Kc4 Kd6 42.f4 Ra7 43.Kd4 f5
44.Re5 Ra8 45.g4 Rf8 46.g5 Rb8 47.Rxa5 Rb4+ 48.Ke3 Rb3+ 49.Ke2 Rxh3 50.Ra7 Kd5
51.Re7 c5 52.a5 Ra3 53.Rxh7 Rxa5 54.Rg7 Ra6 55.Rf7 c4 56.Kd2 Ke4 57.Rf6 Ra2+
58.Kd1 Kxf4 59.Rxg6 c3 60.Rg8 Rg2 61.g6 Kf3 62.g7 f4 63.Kc1 Rg6 64.Kc2 Kg3
65.Kxc3 f3 66.Kd4  0-1

[Event "9th Amplico Life Rapid"]
[Site "Warsaw POL"]
[Date "2009.12.19"]
[Round "1"]
[White "Waruga,M"]
[Black "Malakhov,V"]
[Result "0-1"]
[WhiteElo "1887"]
[BlackElo "2706"]

1.e4 c5 2.Nf3 Nc6 3.d4 cxd4 4.Nxd4 Nf6 5.Nc3 d6 6.Be2 g6 7.O-O Bg7 8.Be3 O-O
9.Kh1 Bd7 10.f4 Rc8 11.f5 Ne5 12.Rb1 a6 13.a3 b5 14.Qe1 h6 15.Qg3 g5 16.h4 g4
17.Bf4 Nh5 18.Qe3 Kh7 19.Nb3 e6 20.fxe6 Qxh4+ 21.Kg1 fxe6 22.g3 Qh3 23.Rf2 Nxf4
24.Rxf4 Rxf4 25.Qxf4 Rf8 26.Qe3 Nf3+ 27.Kf2  0-1

[Event "9th Amplico Life Rapid"]
[Site "Warsaw POL"]
[Date "2009.12.19"]
[Round "3"]
[White "Deszczynski,A"]
[Black "Malakhov,V"]
[Result "0-1"]
[WhiteElo "2352"]
[BlackElo "2706"]

1.e4 c5 2.Nf3 Nc6 3.d4 cxd4 4.Nxd4 Nf6 5.Nc3 d6 6.Bg5 Bd7 7.Be2 Qa5 8.Bxf6 gxf6
9.O-O Rg8 10.Nd5 Bh3 11.Bf3 Ne5 12.Ne3 Bh6 13.Ndf5 Bxe3 14.Nxe3 Qd2 15.Kh1 Qxd1
16.Bxd1 Be6 17.Be2 Rc8 18.f4 Nc4 19.Bxc4 Bxc4 20.Rfe1 Bb5 21.Kg1 e6 22.Rad1 Ke7
23.Rd4 Bc6 24.c4 b5 25.Rc1 Bb7 26.Rc3 bxc4 27.Rdxc4 Rxc4 28.Rxc4 Kd7 29.Kf2 h5
30.g3 Bc6 31.Rd4 e5 32.Rc4 exf4 33.gxf4 h4 34.Rd4 h3 35.Nf5 Rg2+ 36.Kf3 Rxh2
37.Rxd6+ Kc7 38.Rxf6 Rxb2 39.Rxf7+ Kb6 40.Nd4 h2 41.Rh7 Bb7 42.f5 Kc5 43.Ne6+ Kd6
44.Nf4 Rxa2 45.Nd3 Ra3 46.Rh6+ Ke7 47.Rxh2 Rxd3+ 48.Kf4 Rb3 49.e5 Rf3+ 50.Kg5 Be4
51.Rh7+ Kf8 52.Rxa7 Rxf5+ 53.Kg4 Rxe5 54.Kf4 Re8 55.Rc7 Bg6 56.Kg5 Bf7 57.Kf6 Re6+
58.Kf5 Kg7 59.Ra7 Rd6 60.Ke5 Rd5+ 61.Ke4 Rh5 62.Ra6 Kf8 63.Ra7 Be6 64.Kf4 Ke8
65.Rb7 Bd7 66.Ra7 Ke7 67.Rb7 Kd6 68.Ra7 Rf5+ 69.Ke4 Rf8 70.Ra5 Bc6+ 71.Ke3 Bd5
72.Kd4 Rf4+ 73.Ke3 Rb4 74.Kd3 Ke5 75.Kc3 Rb3+ 76.Kc2 Rh3 77.Ra7 Kd4 78.Rd7 Rh2+
79.Kb1 Kc4 80.Rd8 Be6 81.Rd6 Re2 82.Rc6+ Kb3 83.Rb6+ Kc3 84.Ka1 Bb3  0-1

[Event "9th Amplico Life Rapid"]
[Site "Warsaw POL"]
[Date "2009.12.19"]
[Round "4"]
[White "Malakhov,V"]
[Black "Paehtz,E"]
[Result "1-0"]
[WhiteElo "2706"]
[BlackElo "2480"]

1.d4 d5 2.c4 c6 3.Nf3 Nf6 4.e3 Bg4 5.Qb3 Qb6 6.Nc3 e6 7.Nh4 Be7 8.h3 Bh5
9.g4 Bg6 10.Nxg6 hxg6 11.Bg2 Qa6 12.cxd5 exd5 13.Bd2 Nbd7 14.g5 Nh7 15.h4 Nhf8
16.O-O-O Ne6 17.f4 Nb6 18.Kb1 Nc4 19.Bc1 Qb6 20.e4 Qxb3 21.axb3 Na5 22.exd5 cxd5
23.Bxd5 Nc7 24.Bc4 Kf8 25.d5 Ne8 26.Ne4 Nd6 27.Nxd6 Bxd6 28.Bd2 b6 29.Bc3 Re8
30.Bb5 Re7 31.b4 Nb7 32.Rde1 Bxf4 33.Rxe7 Kxe7 34.Bxg7 Rg8 35.Bf6+ Kd6 36.Bc6 Nd8
37.b5 Nxc6 38.dxc6 Kc5 39.Rf1 Bg3 40.Rf3 Bxh4 41.c7 Rc8 42.Rh3 Bf2 43.Be5 Bd4
44.Bh2 Kxb5 45.Rf3 Ka6 46.Rxf7 Be3 47.Rg7 Bxg5 48.Rxg6 Be3 49.Kc2 Kb7 50.Kd3 Bf2
51.Kc4 a6 52.Kd5 b5 53.Bd6 Bb6 54.Rg7 Bxc7 55.Kc5 Kb8 56.Rxc7 Rxc7+ 57.Kb6 a5
58.Bxc7+ Kc8 59.Bd6  1-0

[Event "9th Amplico Life Rapid"]
[Site "Warsaw POL"]
[Date "2009.12.19"]
[Round "5"]
[White "Vysochin,S"]
[Black "Malakhov,V"]
[Result "0-1"]
[WhiteElo "2555"]
[BlackElo "2706"]

1.e4 e5 2.Nf3 Nc6 3.Nc3 Nf6 4.Bb5 Bb4 5.O-O O-O 6.d3 d6 7.Bg5 Bxc3 8.bxc3 Bd7
9.Re1 h6 10.Bh4 a6 11.Ba4 Ne7 12.Bxd7 Nxd7 13.d4 f6 14.Rb1 Rb8 15.Nd2 Qe8
16.Nf1 Qf7 17.Rb3 Nb6 18.f3 Nc4 19.Bf2 b5 20.Ne3 a5 21.d5 a4 22.Rb1 Nxe3
23.Bxe3 f5 24.Qd3 fxe4 25.fxe4 Ng6 26.Rxb5 Nf4 27.Bxf4 Qxf4 28.Rbb1 Qf2+
29.Kh1 Rb2 30.Rf1 Rf4 31.h3 Qxc2 32.Qxc2 Rxf1+ 33.Rxf1 Rxc2 34.Rb1 Rxc3 35.Rb4 a3
36.h4 Kf7 37.Kh2 Kg6 38.g3 Rc2+ 39.Kh3 Rxa2 40.Rc4 Ra1 41.Rxc7 a2 42.h5+ Kh7  0-1

[Event "9th Amplico Life Rapid"]
[Site "Warsaw POL"]
[Date "2009.12.19"]
[Round "7"]
[White "Ivanchuk,V"]
[Black "Malakhov,V"]
[Result "0-1"]
[WhiteElo "2739"]
[BlackElo "2706"]

1.e4 e5 2.Nf3 Nc6 3.d4 exd4 4.Nxd4 Bc5 5.Nxc6 bxc6 6.Bd3 Qh4 7.Qe2 Nf6 8.h3 d5
9.g3 Qh5 10.Qxh5 Nxh5 11.Nc3 Nf6 12.Bf4 Bb4 13.exd5 Nxd5 14.Bd2 Nxc3 15.Bxc3 Bxc3+
16.bxc3 Be6 17.f4 O-O 18.Kf2 Rab8 19.f5 Bd7 20.Rhe1 Rfd8 21.Re5 Kf8 22.Ra5 Rb7
23.Re1 Be8 24.Re4 Rd5 25.Rea4 Rxa5 26.Rxa5 f6 27.Ke3 Ke7 28.Kd4 Kd6 29.c4 c5+
30.Rxc5 Rb4 31.Rd5+ Ke7 32.Kc3 Ra4 33.Kb3 Ra6 34.a3 c6 35.Rd4 c5 36.Rh4 h6
37.Be4 Rb6+ 38.Kc3 Ra6 39.Kb2 Rb6+ 40.Ka2 Ba4 41.Rg4 Kf8 42.Rf4 Rd6 43.Rf2 Rd1
44.Kb2 Rg1 45.Rf3 Re1 46.Rf4 Re3 47.Bf3 Ke7 48.Bd5 Re2 49.Be4 Re3 50.Bd5 Bd7
51.Rg4 Kf8 52.Rf4 Rxg3 53.h4 Ke7 54.Be6 Ba4 55.Bd5 Re3 56.Rg4 Kf8 57.Rg2 Bd7
58.Rf2 Re5 59.Kb3 Rxf5 60.Rxf5 Bxf5 61.Ka4 Ke7 62.Kb5 Kd6 63.Ka6 Kc7 64.Kb5 Kd6
65.Ka6 g5 66.Kxa7 Kc7 67.Ka6 Bd7 68.hxg5 fxg5  0-1

[Event "9th Amplico Life Rapid"]
[Site "Warsaw POL"]
[Date "2009.12.20"]
[Round "11"]
[White "Krasenkow,M"]
[Black "Malakhov,V"]
[Result "0-1"]
[WhiteElo "2656"]
[BlackElo "2706"]

1.d4 d5 2.Nf3 Nf6 3.c4 c6 4.Nc3 a6 5.c5 Nbd7 6.Bf4 Nh5 7.Qd2 Nxf4 8.Qxf4 Nf6
9.Ne5 Be6 10.O-O-O g6 11.g4 Qb8 12.h3 Bg7 13.Qe3 Ne4 14.f4 f6  0-1